A biblical theology of missions / (Record no. 8881)

MARC details
000 -LEADER
fixed length control field 00758nam a2200265Ia 4500
001 - CONTROL NUMBER
control field 16507773
003 - CONTROL NUMBER IDENTIFIER
control field OCoLC
005 - DATE AND TIME OF LATEST TRANSACTION
control field 20241126110700.0
008 - FIXED-LENGTH DATA ELEMENTS--GENERAL INFORMATION
fixed length control field 870818r19841972ilua b 001 0 eng d
010 ## -
-- 72077952
020 ## - INTERNATIONAL STANDARD BOOK NUMBER
International Standard Book Number 0802407064
040 ## - CATALOGING SOURCE
Original cataloging agency BCT
Transcribing agency BCT
082 ## - DEWEY DECIMAL CLASSIFICATION NUMBER
Classification number 266.001
Item number PET
090 ## - LOCALLY ASSIGNED LC-TYPE CALL NUMBER (OCLC); LOCAL CALL NUMBER (RLIN)
Classification number (OCLC) (R) ; Classification number, CALL (RLIN) (NR) BV2073
Local cutter number (OCLC) ; Book number/undivided call number, CALL (RLIN) .P48 1984
100 1# - MAIN ENTRY--PERSONAL NAME
Personal name Peters, George W
9 (RLIN) 2231
245 12 - TITLE STATEMENT
Title A biblical theology of missions /
Statement of responsibility, etc. by George W. Peters
250 ## - EDITION STATEMENT
Edition statement Pbk. ed
260 ## - PUBLICATION, DISTRIBUTION, ETC.
Place of publication, distribution, etc. Chicago :
Name of publisher, distributor, etc. Moody Press,
Date of publication, distribution, etc. 1984
300 ## - PHYSICAL DESCRIPTION
Extent 368 p. :
Other physical details ill. ;
Dimensions 23 cm
500 ## - GENERAL NOTE
General note Original ed., 1972
504 ## - BIBLIOGRAPHY, ETC. NOTE
Bibliography, etc. note Includes bibliographical references (p. 352-363) and index
650 #0 - SUBJECT ADDED ENTRY--TOPICAL TERM
Topical term or geographic name entry element Missions
General subdivision Biblical teaching
9 (RLIN) 481
650 #0 - SUBJECT ADDED ENTRY--TOPICAL TERM
Topical term or geographic name entry element Missions
General subdivision Theory
9 (RLIN) 48
942 ## - ADDED ENTRY ELEMENTS (KOHA)
Source of classification or shelving scheme Dewey Decimal Classification
Koha item type Books
Koha issues (borrowed), all copies 14
Holdings
Withdrawn status Lost status Source of classification or shelving scheme Damaged status Not for loan Home library Current Library Shelving location Date acquired Total checkouts Total renewals Full call number Barcode Date last seen Date last checked out Copy number Price effective from Koha item type
    Dewey Decimal Classification     GRACE BIBLE COLLEGE GRACE BIBLE COLLEGE Ministry & Mission 2022-01-12 13 1 266.001 PET 015367 2025-08-08 2025-08-01 c.1 2022-01-12 Books
    Dewey Decimal Classification     GRACE BIBLE COLLEGE GRACE BIBLE COLLEGE Ministry & Mission 2022-01-12 5 1 266.001 PET 015368 2026-02-06 2026-02-02 c.2 2022-01-12 Books
© Grace Bible College Library 2025